000 01016nam2a22002651 4500
001 v19\rc\1272738
005 20260412063247.0
035 _a(NLR Aleph) 005189441
090 _a5197459
_c5197459
100 _a20060306d1896 |||y0rusy50 ca
101 0 _arus
102 _aRU
105 _ay z |||a|
200 1 _aЧудный друг и другие рассказы
210 _d1896
_aБ. м.
461 0 _1001v19\rc\1272695
_12001#$aДля интеллигентных читателей$e1$vLX
_95197151
_cМосква
_d1893-1905
_n"Посредник"
_o1
_tДля интеллигентных читателей
_vLX
700 1 _8rus
_7ca
_aМопассан
_bГ. де
_f1850-1893
_gГи де
_3RU\NLR\AUTH\7713484
_9123173
790 1 _9z04700
_aМопассан
_bГ. де
_f1850-1893
_gГюи де
801 0 _aRU
_bNLR
_c20060306
_gpsbo
801 1 _aRU
_bProSoft-M
_c20060306
_2rusmarc
801 2 _aRU
_bNLR
_c20070710
_2rusmarc
852 _aNLR
_j20.84.6.41
852 _aNLR
_j20.86.6.23
942 _cBOOK
980 _aNB